| 000 | 01640nmc a2200553 a 4500 | ||
|---|---|---|---|
| 003 | AR-BaBNM | ||
| 005 | 20251128204518.0 | ||
| 008 | 235019s1991 ||||||||||||||000 | spa|| | ||
| 020 | _a84-206-9610-2 | ||
| 040 | _cAR-BaBNM | ||
| 245 | 1 | 0 | _aEl hombre medieval |
| 250 | _a1ª ed. | ||
| 260 |
_aMadrid _bAlianza Editorial _c1991 |
||
| 300 | 0 |
_a388 p. _bil. |
|
| 490 | 0 | _aEl hombre europeo | |
| 504 | _aBibliografía al final de cada capítulo | ||
| 505 |
_tEl hombre medieval _rLe Goff, Jacques |
||
| 505 |
_tLos monjes _rMiccoli, Giovanni |
||
| 505 |
_tEl guerrero y el caballero _rCardini, Franco |
||
| 505 |
_tEl campesino y el trabajo del campo _rCherubini, Giovanni |
||
| 505 |
_tEl ciudadano y la vida en la ciudad _rRossiaud, Jacques |
||
| 505 |
_tEl intelectual _rFumagalli Beonio Brocchieri, Mariateresa |
||
| 505 |
_tEl artista _rCastelnuovo, Enrico |
||
| 505 |
_tEl mercader _rGurevic, Aron J. |
||
| 505 |
_tLa mujer y la familia _rKlapisch-Zuber, Christiane |
||
| 505 |
_tEl santo _rVauchez, André |
||
| 505 |
_tEl marginado _rGeremek, Bronislaw |
||
| 650 | 4 | _aHISTORIA | |
| 650 | 4 | _aCOSTUMBRES | |
| 650 | 4 | _aPENSAMIENTO | |
| 650 | 4 | _aESTILOS DE VIDA | |
| 650 | 4 | _aVIDA COTIDIANA | |
| 650 | 4 | _aHISTORIA MEDIEVAL | |
| 650 | 4 | _aEDAD MEDIA | |
| 650 | 4 | _aHOMBRE | |
| 650 | 4 | _aSANTOS | |
| 650 | 4 | _aINTELECTUALES | |
| 650 | 4 | _aARTISTAS | |
| 650 | 4 | _aMONJES | |
| 650 | 4 | _aTRABAJADORES AGRICOLAS | |
| 650 | 4 | _aMUJERES | |
| 650 | 4 | _aFAMILIA | |
| 650 | 4 | _aCAMPO | |
| 650 | 4 | _aCIUDADES | |
| 700 | 1 | _aCardini, Franco | |
| 700 |
_aLe Goff, Jacques _eeditor |
||
| 942 | _cBK | ||
| 998 | _cMarce | ||
| 999 |
_c7719 _d7719 |
||